LEADER 01454nam a2200301 u 4500 001 000000045088 003 CaOOAMICUS 005 20070226114625.0 008 990519s1977 ti u000 u fre u 035 $a10823627 040 $aEFR$bita 100 1 $aAbdesselem, Mohamed.$0(OLS)http://pul/name/32868 245 13$aLe thème de la mort dans la poésie arabe des origines à la fin du IIème-IXème siècle /$cMohamed Abdesselem. 260 $aTunis :$bPublications de l'Univ. de Tunis,$c1977. 300 $a402 p. ;$c24 cm 490 1 $aFaculté des lettres et sciences humaines de Tunis.$a6e série, philosophie, littérature ;$v10 500 $aInclude indici. 502 $aThèse. Lettres -- Univ. de Paris III, 1972. 504 $aNote bibliografiche. 650 4$aMorte.$0(OLS)http://pul/subject/4246 650 4$aLetteratura araba.$0(OLS)http://pul/subject/19442 830 0$aFaculté des lettres et sciences humaines de Tunis.$n6e série,$pphilosophie, littérature ;$v10.$0(OLS)http://pul/title/60807 850 $aPUL 852 $aPUL$W1$xSL Filosofia 1$y2$m131 C 29$j60601$nBK-PRI$b $qStampati$B60601$CPULBib$Z2$F60601 $H $81 941 1 $a8 961 $aINV: 47285 996 $6245$aLe thème de la mort dans la poésie arabe des origines à la fin du IIème-IXème siècle$9(OLS)http://pul/title/60806 996 $6260$aTunis :$bPublications de l'Univ. de Tunis$9(OLS)http://pul/publisher/65997 LEADER 01452nam a2200289 u 4500 001 000000081176 003 CaOOAMICUS 005 20070226123728.0 008 050316s2003 gw u000 u eng u 020 $a3161480147 035 $a11034428 040 $aPUL$bita 100 1 $aGheorghita, Radu.$0(OLS)http://pul/name/54128 245 14$aThe role of the septuagint in hebrews :$ban investigation of its influence with special consideration to the use of Hab 2:3-4 in Heb 10:37-38 /$cRadu Gheorghita. 260 $aTübingen :$bMohr Siebeck,$cc2003. 300 $axi, 275 p. ;$c23 cm 490 1 $aWissenschaftliche Untersuchungen zum Neuen Testament.$aReihe 2 ;$v160 500 $aInclude indici. 504 $aBibliografia p. [233]-254. 630 04$aBiblia.$pV.T.$pProphetae minores.$0(OLS)http://pul/subject/17292 830 0$aWissenschaftliche Untersuchungen zum Neuen Testament.$nReihe 2,$x03409570 ;$v160.$0(OLS)http://pul/title/264 850 $aPUL 852 $aPUL$W1$xSL Religione 1$y3$m16 I 160$j103596$nBK-PRI$b $qStampati$B103596$CPULBib$Z2$F103596 $HPUL97262 $81 941 1 $a8 996 $6020$a3161480147$9(OLS)http://pul/number/107502 996 $6245$aThe role of the septuagint in hebrews :$ban investigation of its influence with special consideration to the use of Hab 2:3-4 in Heb 10:37-38$9(OLS)http://pul/title/106197 996 $6260$aTübingen :$bMohr Siebeck$9(OLS)http://pul/publisher/52004